[Event "MSR_ch20"]
[Site "?"]
[Date "2024.04.07"]
[Round "4.12"]
[White "Turis, Ondrej"]
[Black "Sustek, Adam"]
[Result "1-0"]
[BlackElo "1910"]
[WhiteElo "1866"]
[LiveChessVersion "1.4.8"]

1. e4 {[%clk 1:30:44]} e6 {[%clk 1:30:00]} 2. d4 {[%clk 1:31:08]} d5
{[%clk 1:30:26]} 3. e5 {[%clk 1:31:23]} c5 {[%clk 1:30:48]} 4. c3
{[%clk 1:31:49]} Nc6 {[%clk 1:30:44]} 5. Nf3 {[%clk 1:32:14]} Qb6
{[%clk 1:30:40]} 6. Bd3 {[%clk 1:32:36]} Bd7 {[%clk 1:30:31]} 7. O-O
{[%clk 1:32:57]} cxd4 {[%clk 1:21:22]} 8. cxd4 {[%clk 1:33:19]} Nxd4
{[%clk 1:20:18]} 9. Nbd2 {[%clk 1:33:45]} Bc5 {[%clk 1:18:17]} 10. Nxd4
{[%clk 1:30:50]} Bxd4 {[%clk 1:17:07]} 11. Qh5 {[%clk 1:31:11]} Bb5
{[%clk 0:58:02]} 12. Bxb5+ {[%clk 1:15:43]} Qxb5 {[%clk 0:58:30]} 13. Nf3
{[%clk 1:08:56]} Bc5 {[%clk 0:49:29]} 14. Ng5 {[%clk 1:03:46]} Qd7
{[%clk 0:49:06]} 15. Bd2 {[%clk 1:02:35]} h6 {[%clk 0:44:18]} 16. Rac1
{[%clk 1:01:13]} Bd4 {[%clk 0:37:02]} 17. Bb4 {[%clk 0:57:42]} g6
{[%clk 0:26:28]} 18. Qg4 {[%clk 0:44:04]} Bxe5 {[%clk 0:24:19]} 19. Nf3
{[%clk 0:32:05]} Nf6 {[%clk 0:22:10]} 20. Qh4 {[%clk 0:28:12]} g5
{[%clk 0:21:26]} 21. Nxg5 {[%clk 0:28:24]} Rc8 {[%clk 0:16:04]} 22. Ba3
{[%clk 0:17:40]} Rxc1 {[%clk 0:05:50]} 23. Rxc1 {[%clk 0:18:04]} Bf4
{[%clk 0:05:34]} 24. Qxf4 {[%clk 0:16:13]} hxg5 {[%clk 0:05:55]} 25. Qxf6
{[%clk 0:15:54]} 1-0

[Event "MSR_ch20"]
[Site "?"]
[Date "2024.04.07"]
[Round "4.13"]
[White "Loffay, Pavol"]
[Black "Jurky, Marian"]
[Result "1/2-1/2"]
[BlackElo "1874"]
[WhiteElo "1803"]
[LiveChessVersion "1.4.8"]

1. e4 {[%clk 1:30:57]} c5 {[%clk 1:30:05]} 2. Nf3 {[%clk 1:31:21]} Nc6
{[%clk 1:30:28]} 3. d4 {[%clk 1:31:45]} cxd4 {[%clk 1:30:54]} 4. Nxd4
{[%clk 1:32:09]} g6 {[%clk 1:31:16]} 5. Nc3 {[%clk 1:32:21]} Bg7 {[%clk 1:31:34]}
6. Be3 {[%clk 1:32:27]} a6 {[%clk 1:30:49]} 7. Qd2 {[%clk 1:30:57]} d6
{[%clk 1:30:42]} 8. h4 {[%clk 1:29:49]} Nf6 {[%clk 1:30:41]} 9. f3
{[%clk 1:27:59]} Bd7 {[%clk 1:30:12]} 10. O-O-O {[%clk 1:26:20]} h5
{[%clk 1:18:47]} 11. Be2 {[%clk 1:21:31]} O-O {[%clk 1:18:33]} 12. Rdg1
{[%clk 1:14:46]} b5 {[%clk 1:14:47]} 13. Nd5 {[%clk 1:07:37]} e6 {[%clk 0:29:38]}
14. Nxc6 {[%clk 0:55:31]} Bxc6 {[%clk 0:29:52]} 15. Nxf6+ {[%clk 0:55:19]} Qxf6
{[%clk 0:30:08]} 16. c3 {[%clk 0:54:39]} d5 {[%clk 0:15:48]} 17. Bg5
{[%clk 0:54:03]} Qe5 {[%clk 0:16:04]} 18. Bf4 {[%clk 0:54:08]} Qf6
{[%clk 0:15:48]} 19. e5 {[%clk 0:54:25]} Qe7 {[%clk 0:14:16]} 20. g4
{[%clk 0:54:16]} f6 {[%clk 0:12:14]} 21. exf6 {[%clk 0:50:53]} Qxf6
{[%clk 0:12:24]} 22. Bg5 {[%clk 0:48:49]} Qe5 {[%clk 0:12:02]} 23. gxh5
{[%clk 0:48:11]} gxh5 {[%clk 0:12:25]} 24. Bh6 {[%clk 0:47:30]} Ra7
{[%clk 0:12:46]} 25. Rg5 {[%clk 0:38:23]} Qf6 {[%clk 0:05:35]} 26. Rxh5
{[%clk 0:36:42]} Be8 {[%clk 0:05:16]} 27. Bxg7 {[%clk 0:36:07]} Rxg7
{[%clk 0:05:40]} 28. Rg5 {[%clk 0:35:15]} Rxg5 {[%clk 0:03:07]} 29. hxg5
{[%clk 0:34:51]} Qf4 {[%clk 0:03:14]} 30. Rh6 {[%clk 0:33:20]} Bd7
{[%clk 0:01:26]} 31. Qxf4 {[%clk 0:30:56]} Rxf4 {[%clk 0:01:49]} 32. g6
{[%clk 0:28:45]} Rf6 {[%clk 0:02:03]} 33. Rh7 {[%clk 0:28:35]} Be8
{[%clk 0:02:27]} 34. Ra7 {[%clk 0:28:01]} e5 {[%clk 0:02:47]} 35. g7
{[%clk 0:25:59]} Bf7 {[%clk 0:03:05]} 36. a4 {[%clk 0:23:27]} Kxg7
{[%clk 0:02:27]} 37. axb5 {[%clk 0:23:28]} axb5 {[%clk 0:02:53]} 38. Rb7
{[%clk 0:23:43]} b4 {[%clk 0:00:39]} 39. Rxb4 {[%clk 0:23:36]} Rd6
{[%clk 0:01:01]} 40. Rg4+ {[%clk 0:22:37]} Kf6 {[%clk 0:01:23]} 41. Bd3
{[%clk 0:21:05]} Ke7 {[%clk 0:00:43]} 42. b4 {[%clk 0:19:57]} Rf6
{[%clk 0:25:39]} 43. Be2 {[%clk 0:49:31]} Bh5 {[%clk 0:25:49]} 44. Rg5
{[%clk 0:48:10]} 1/2-1/2

[Event "MSR_ch20"]
[Site "?"]
[Date "2024.04.07"]
[Round "4.14"]
[White "Libich, Simon"]
[Black "Droppa, Kristian"]
[Result "1-0"]
[BlackElo "1594"]
[WhiteElo "1891"]
[LiveChessVersion "1.4.8"]

1. e4 {[%clk 1:30:57]} e5 {[%clk 1:30:53]} 2. Nf3 {[%clk 1:31:21]} Nc6
{[%clk 1:31:14]} 3. Bc4 {[%clk 1:31:47]} Nf6 {[%clk 1:31:12]} 4. Ng5
{[%clk 1:32:11]} d5 {[%clk 1:31:02]} 5. exd5 {[%clk 1:32:36]} Na5
{[%clk 1:30:37]} 6. Bb5+ {[%clk 1:33:02]} Bd7 {[%clk 1:30:52]} 7. Qe2
{[%clk 1:33:27]} Nxd5 {[%clk 1:24:07]} 8. Qxe5+ {[%clk 1:28:51]} Qe7
{[%clk 1:24:12]} 9. Qxe7+ {[%clk 1:28:57]} Bxe7 {[%clk 1:23:51]} 10. Bxd7+
{[%clk 1:29:12]} Kxd7 {[%clk 1:24:08]} 11. Nxf7 {[%clk 1:29:28]} Rhf8
{[%clk 1:17:55]} 12. Ne5+ {[%clk 1:29:50]} Kd6 {[%clk 1:17:55]} 13. Nd3
{[%clk 1:27:00]} Rae8 {[%clk 1:11:00]} 14. O-O {[%clk 1:27:11]} c5
{[%clk 1:00:08]} 15. Nc3 {[%clk 1:17:28]} c4 {[%clk 0:56:38]} 16. Nxd5
{[%clk 1:15:42]} Kxd5 {[%clk 0:52:13]} 17. Ne1 {[%clk 1:15:56]} Bc5
{[%clk 0:51:22]} 18. d4 {[%clk 1:13:17]} Bxd4 {[%clk 0:49:26]} 19. Nf3
{[%clk 1:13:00]} Bc5 {[%clk 0:37:58]} 20. Bd2 {[%clk 1:12:49]} Nc6
{[%clk 0:37:55]} 21. Rad1 {[%clk 1:12:33]} Ke6 {[%clk 0:30:57]} 22. Rfe1+
{[%clk 1:07:58]} Kf7 {[%clk 0:29:32]} 23. Bc3 {[%clk 1:05:34]} Rxe1+
{[%clk 0:28:32]} 24. Rxe1 {[%clk 1:05:15]} Rd8 {[%clk 0:25:59]} 25. Ng5+
{[%clk 1:03:08]} Kg6 {[%clk 0:24:22]} 26. Ne6 {[%clk 1:03:14]} Bxf2+
{[%clk 0:19:58]} 27. Kxf2 {[%clk 1:03:36]} Rd7 {[%clk 0:20:01]} 28. Nxg7
{[%clk 1:03:26]} Rf7+ {[%clk 0:19:57]} 29. Kg3 {[%clk 1:03:20]} Re7
{[%clk 0:15:42]} 30. Re6+ {[%clk 1:03:04]} Rxe6 {[%clk 0:15:59]} 31. Nxe6
{[%clk 1:03:29]} Kf7 {[%clk 0:15:31]} 32. Ng5+ {[%clk 1:03:23]} Kg6
{[%clk 0:14:23]} 33. Ne4 {[%clk 1:03:45]} b5 {[%clk 0:14:29]} 34. a3
{[%clk 1:03:58]} Ne7 {[%clk 0:13:56]} 35. Nd6 {[%clk 1:04:03]} Nf5+
{[%clk 0:14:04]} 36. Nxf5 {[%clk 1:04:26]} Kxf5 {[%clk 0:14:20]} 37. Kf3
{[%clk 1:04:48]} a6 {[%clk 0:14:29]} 38. g4+ {[%clk 1:05:11]} Kf6
{[%clk 0:14:51]} 39. Kf4+ {[%clk 1:05:32]} Kg6 {[%clk 0:15:14]} 40. h4
{[%clk 1:05:50]} h5 {[%clk 0:15:35]} 41. g5 {[%clk 1:06:05]} Kh7 {[%clk 0:14:43]}
42. Kf5 {[%clk 1:06:28]} a5 {[%clk 0:14:58]} 43. Bxa5 {[%clk 1:06:41]} 1-0

[Event "MSR_ch20"]
[Site "?"]
[Date "2024.04.07"]
[Round "4.15"]
[White "Hulic, Michal"]
[Black "Janik, Marek Tobias"]
[Result "0-1"]
[BlackElo "1885"]
[WhiteElo "1575"]
[LiveChessVersion "1.4.8"]

1. e4 {[%clk 1:30:50]} e5 {[%clk 1:30:57]} 2. Nf3 {[%clk 1:31:14]} Nf6
{[%clk 1:31:23]} 3. Nc3 {[%clk 1:31:35]} Bb4 {[%clk 1:31:50]} 4. Nd5
{[%clk 1:30:00]} Nxd5 {[%clk 1:30:28]} 5. exd5 {[%clk 1:30:05]} O-O
{[%clk 1:30:30]} 6. Be2 {[%clk 1:27:13]} Re8 {[%clk 1:30:46]} 7. O-O
{[%clk 1:25:50]} c6 {[%clk 1:30:47]} 8. a3 {[%clk 1:21:28]} Bf8 {[%clk 1:27:42]}
9. dxc6 {[%clk 1:19:26]} bxc6 {[%clk 1:27:58]} 10. c3 {[%clk 1:19:29]} d5
{[%clk 1:28:17]} 11. d4 {[%clk 1:18:28]} e4 {[%clk 1:28:25]} 12. Ne1
{[%clk 1:17:04]} Bd6 {[%clk 1:24:47]} 13. Nc2 {[%clk 1:16:17]} Nd7
{[%clk 1:21:53]} 14. Be3 {[%clk 1:13:46]} f5 {[%clk 1:15:33]} 15. Qd2
{[%clk 1:11:36]} Qc7 {[%clk 1:13:43]} 16. h3 {[%clk 1:09:59]} f4 {[%clk 1:13:51]}
17. Rac1 {[%clk 1:07:25]} Nf6 18. c4 {[%clk 1:04:09]} fxe3 {[%clk 1:10:03]} 19.
fxe3 {[%clk 1:03:37]} Qf7 {[%clk 1:09:01]} 20. c5 {[%clk 0:59:16]} Bc7
{[%clk 1:05:46]} 21. b4 {[%clk 0:50:21]} Qg6 {[%clk 1:05:58]} 22. Kh1
{[%clk 0:47:56]} Qg3 {[%clk 1:06:22]} 0-1

[Event "MSR_ch20"]
[Site "?"]
[Date "2024.04.07"]
[Round "4.16"]
[White "Vojtas, Marek"]
[Black "Bucor, Mark"]
[Result "1/2-1/2"]
[BlackElo "1884"]
[WhiteElo "1676"]
[LiveChessVersion "1.4.8"]

1. e4 {[%clk 1:30:58]} e5 {[%clk 1:30:52]} 2. Nc3 {[%clk 1:31:24]} Nc6
{[%clk 1:31:02]} 3. Bc4 {[%clk 1:31:49]} Nf6 {[%clk 1:31:02]} 4. d3
{[%clk 1:32:13]} Na5 {[%clk 1:31:07]} 5. Bb3 {[%clk 1:32:37]} Nxb3
{[%clk 1:31:27]} 6. axb3 {[%clk 1:33:03]} Be7 {[%clk 1:19:40]} 7. f4
{[%clk 1:33:12]} d6 {[%clk 1:17:57]} 8. Nf3 {[%clk 1:33:10]} Bg4 {[%clk 1:18:09]}
9. h3 {[%clk 1:33:35]} Bxf3 {[%clk 1:17:59]} 10. Qxf3 {[%clk 1:33:58]} c6
{[%clk 1:17:31]} 11. O-O {[%clk 1:33:42]} Nd7 {[%clk 1:09:35]} 12. fxe5
{[%clk 1:31:10]} Nxe5 {[%clk 1:09:57]} 13. Qf2 {[%clk 1:31:19]} c5
{[%clk 1:03:54]} 14. Nd5 {[%clk 1:29:38]} O-O {[%clk 1:02:57]} 15. b4
{[%clk 1:20:16]} b6 {[%clk 0:58:50]} 16. bxc5 {[%clk 1:10:59]} dxc5
{[%clk 0:58:48]} 17. Qf5 {[%clk 1:09:17]} Ng6 {[%clk 0:54:07]} 18. g3
{[%clk 1:00:28]} Bd6 {[%clk 0:52:00]} 19. Kg2 {[%clk 0:55:34]} Qb8
{[%clk 0:51:01]} 20. Bf4 {[%clk 0:47:19]} Bxf4 {[%clk 0:51:21]} 21. Nxf4
{[%clk 0:47:22]} Nxf4+ {[%clk 0:51:38]} 22. gxf4 {[%clk 0:46:23]} Qd6
{[%clk 0:50:19]} 23. Kh2 {[%clk 0:45:34]} Qd4 {[%clk 0:48:06]} 24. Rab1
{[%clk 0:39:29]} Rfe8 {[%clk 0:39:01]} 25. Qg4 {[%clk 0:34:44]} Rad8
{[%clk 0:36:07]} 26. Rg1 {[%clk 0:32:43]} g6 {[%clk 0:35:33]} 27. Qf3
{[%clk 0:24:36]} c4 {[%clk 0:34:23]} 28. Rgd1 {[%clk 0:23:01]} Qc5
{[%clk 0:29:03]} 29. Rd2 {[%clk 0:18:36]} Rd7 {[%clk 0:26:04]} 30. f5
{[%clk 0:17:05]} Red8 {[%clk 0:24:58]} 31. fxg6 {[%clk 0:16:00]} fxg6
{[%clk 0:25:03]} 32. Kh1 {[%clk 0:13:06]} Rf7 {[%clk 0:23:10]} 33. Qg3
{[%clk 0:13:04]} Rdf8 {[%clk 0:23:02]} 34. d4 {[%clk 0:12:42]} Qh5
{[%clk 0:22:31]} 35. Kg2 {[%clk 0:11:54]} Rf3 {[%clk 0:18:11]} 36. Qg4
{[%clk 0:11:15]} Qxg4+ {[%clk 0:17:13]} 37. hxg4 {[%clk 0:11:39]} R3f4
{[%clk 0:17:19]} 38. Re1 {[%clk 0:09:02]} Rxg4+ {[%clk 0:15:52]} 39. Kh1
{[%clk 0:08:52]} Rff4 {[%clk 0:14:27]} 40. Rde2 {[%clk 0:07:18]} Kf7
{[%clk 0:14:04]} 41. d5 {[%clk 0:07:16]} Ke7 {[%clk 0:08:32]} 42. c3
{[%clk 0:06:56]} Rh4+ {[%clk 0:28:36]} 1/2-1/2

[Event "MSR_ch20"]
[Site "?"]
[Date "2024.04.07"]
[Round "4.17"]
[White "Babjak, Samuel"]
[Black "Zatko, Slavomir"]
[Result "1-0"]
[BlackElo "1684"]
[WhiteElo "1870"]
[LiveChessVersion "1.4.8"]

1. d4 {[%clk 1:30:15]} e5 {[%clk 1:30:55]} 2. dxe5 {[%clk 1:30:38]} Nc6
{[%clk 1:31:14]} 3. Nf3 {[%clk 1:30:01]} Qe7 {[%clk 1:31:37]} 4. Bf4
{[%clk 1:29:02]} Qb4+ {[%clk 1:32:00]} 5. Bd2 {[%clk 1:29:26]} Qxb2
{[%clk 1:32:17]} 6. Nc3 {[%clk 1:29:52]} Bb4 {[%clk 1:32:32]} 7. Rb1
{[%clk 1:29:17]} Qa3 {[%clk 1:32:54]} 8. Rb3 {[%clk 1:24:18]} Qa5
{[%clk 1:33:16]} 9. a3 {[%clk 1:21:05]} Bxc3 {[%clk 1:28:21]} 10. Bxc3
{[%clk 1:21:24]} Qc5 {[%clk 1:26:57]} 11. e4 {[%clk 1:17:38]} Nh6
{[%clk 1:25:13]} 12. h3 {[%clk 1:11:40]} b6 {[%clk 1:20:31]} 13. Qd2
{[%clk 1:08:50]} Bb7 {[%clk 1:19:48]} 14. e6 {[%clk 1:05:49]} O-O-O
{[%clk 1:16:16]} 15. Bxg7 {[%clk 1:05:15]} dxe6 {[%clk 1:16:05]} 16. Qxh6
{[%clk 1:05:18]} Qxc2 {[%clk 1:15:20]} 17. Nd2 {[%clk 1:02:05]} Qc1+
{[%clk 1:12:59]} 18. Ke2 {[%clk 1:02:29]} Ba6+ {[%clk 1:13:00]} 19. Kf3
{[%clk 1:02:46]} Qd1+ {[%clk 1:11:41]} 20. Kg3 {[%clk 1:02:33]} Bxf1
{[%clk 1:09:00]} 21. Rxf1 {[%clk 1:02:46]} Qe2 {[%clk 1:07:09]} 22. Bxh8
{[%clk 1:01:08]} Rxh8 {[%clk 1:06:54]} 23. Qe3 {[%clk 0:59:11]} Qh5
{[%clk 1:06:26]} 24. Kh2 {[%clk 0:56:55]} Ne5 {[%clk 1:05:51]} 25. Qg3
{[%clk 0:54:30]} Rd8 {[%clk 1:03:27]} 26. Nf3 {[%clk 0:49:44]} Nxf3+
{[%clk 1:01:31]} 27. Rxf3 1-0

[Event "MSR_ch20"]
[Site "?"]
[Date "2024.04.07"]
[Round "4.18"]
[White "Osvald, Jakub"]
[Black "Volanek, Maros"]
[Result "1/2-1/2"]
[BlackElo "1822"]
[WhiteElo "1517"]
[LiveChessVersion "1.4.8"]

1. d4 {[%clk 1:30:52]} d5 {[%clk 1:30:47]} 2. Nf3 {[%clk 1:30:56]} Nf6
{[%clk 1:30:56]} 3. Bf4 {[%clk 1:30:41]} Bf5 {[%clk 1:30:18]} 4. e3
{[%clk 1:30:32]} e6 {[%clk 1:29:50]} 5. c4 {[%clk 1:30:48]} c6 {[%clk 1:30:00]}
6. Nc3 {[%clk 1:29:39]} Bd6 {[%clk 1:27:12]} 7. Ne5 {[%clk 1:29:05]} Bxe5
{[%clk 1:25:02]} 8. Bxe5 {[%clk 1:29:03]} O-O {[%clk 1:24:28]} 9. Be2
{[%clk 1:24:01]} Re8 {[%clk 1:22:03]} 10. O-O {[%clk 1:20:28]} dxc4
{[%clk 1:21:08]} 11. Bxc4 {[%clk 1:20:44]} Nbd7 {[%clk 1:21:26]} 12. Bg3
{[%clk 1:19:52]} a6 {[%clk 1:15:20]} 13. Bd3 {[%clk 1:16:37]} Bxd3
{[%clk 1:12:13]} 14. Qxd3 {[%clk 1:16:59]} Nb6 {[%clk 1:11:20]} 15. Rfd1
{[%clk 1:13:58]} Nh5 {[%clk 1:08:47]} 16. Rd2 Nxg3 17. hxg3 Qe7 18. Rad1 Rad8 19.
Qc2 Rd7 20. Ne4 Red8 21. Qb3 Nd5 22. Nc5 Rc7 23. e4 Nf6 24. Qb6 Rdc8 25. Qb3 Nd7
26. Nxd7 Rxd7 27. Qc3 Rcd8 28. b4 h6 29. Qc5 Qd6 1/2-1/2

[Event "MSR_ch20"]
[Site "?"]
[Date "2024.04.07"]
[Round "4.19"]
[White "Oslej, Marek"]
[Black "Piroska, Samuel"]
[Result "1-0"]
[BlackElo "1667"]
[WhiteElo "1806"]
[LiveChessVersion "1.4.8"]

1. e4 {[%clk 1:30:58]} c6 {[%clk 1:30:52]} 2. d4 {[%clk 1:31:23]} d5
{[%clk 1:31:19]} 3. f3 {[%clk 1:31:48]} e6 {[%clk 1:31:30]} 4. Nc3
{[%clk 1:32:16]} Bb4 {[%clk 1:31:48]} 5. Bf4 {[%clk 1:32:16]} Nd7
{[%clk 1:31:45]} 6. a3 {[%clk 1:29:59]} Bxc3+ {[%clk 1:31:31]} 7. bxc3
{[%clk 1:30:28]} Ne7 {[%clk 1:30:21]} 8. Bd3 {[%clk 1:28:43]} O-O
{[%clk 1:29:43]} 9. Ne2 {[%clk 1:27:48]} Ng6 {[%clk 1:28:59]} 10. Be3
{[%clk 1:26:25]} b6 {[%clk 1:27:52]} 11. O-O {[%clk 1:25:23]} c5 {[%clk 1:20:36]}
12. Nf4 {[%clk 1:19:36]} c4 {[%clk 1:17:25]} 13. Be2 {[%clk 1:15:11]} Nxf4
{[%clk 1:13:46]} 14. Bxf4 {[%clk 1:15:39]} Bb7 {[%clk 1:14:01]} 15. Bd6
{[%clk 1:10:59]} Re8 {[%clk 1:14:12]} 16. e5 {[%clk 1:11:27]} Nf8
{[%clk 1:13:16]} 17. Bxf8 {[%clk 1:11:04]} Rxf8 {[%clk 1:12:56]} 18. f4
{[%clk 1:10:26]} f6 {[%clk 1:12:15]} 19. Qd2 {[%clk 1:08:57]} Qe7
{[%clk 1:11:58]} 20. Rf3 {[%clk 1:06:06]} Bc6 {[%clk 1:03:26]} 21. Rh3
{[%clk 1:04:35]} Be8 {[%clk 1:01:24]} 22. Bh5 {[%clk 1:01:14]} Bxh5
{[%clk 0:55:38]} 23. Rxh5 {[%clk 1:01:42]} fxe5 {[%clk 0:55:59]} 24. Rxe5
{[%clk 0:59:26]} Rf6 {[%clk 0:48:24]} 25. Qe3 {[%clk 0:53:22]} Raf8
{[%clk 0:48:13]} 26. g3 {[%clk 0:51:40]} Qf7 {[%clk 0:29:12]} 27. Re1
{[%clk 0:50:28]} Re8 {[%clk 0:23:12]} 28. Rxd5 {[%clk 0:46:27]} exd5
{[%clk 0:21:55]} 29. Qxe8+ {[%clk 0:46:40]} Qxe8 {[%clk 0:22:20]} 30. Rxe8+
{[%clk 0:47:00]} Kf7 {[%clk 0:22:46]} 31. Rd8 {[%clk 0:45:16]} Ke6
{[%clk 0:21:58]} 32. Kg2 {[%clk 0:42:37]} h5 {[%clk 0:19:41]} 33. Kh3
{[%clk 0:35:44]} g5 {[%clk 0:10:29]} 34. fxg5 {[%clk 0:36:11]} Rf2
{[%clk 0:10:48]} 35. g6 {[%clk 0:36:10]} 1-0

[Event "MSR_ch20"]
[Site "?"]
[Date "2024.04.07"]
[Round "4.20"]
[White "Svorad, Tomas"]
[Black "Lichvar, Simon"]
[Result "1/2-1/2"]
[BlackElo "1302"]
[WhiteElo "1746"]
[LiveChessVersion "1.4.8"]

1. e4 {[%clk 1:30:27]} c6 {[%clk 1:30:40]} 2. d4 {[%clk 1:29:06]} d5
{[%clk 1:31:00]} 3. exd5 {[%clk 1:27:19]} cxd5 {[%clk 1:31:13]} 4. Bf4
{[%clk 1:24:16]} Nc6 {[%clk 1:31:06]} 5. c3 {[%clk 1:21:13]} Bf5 {[%clk 1:30:09]}
6. Bd3 {[%clk 1:18:08]} Bxd3 {[%clk 1:28:46]} 7. Qxd3 {[%clk 1:18:35]} Nf6
{[%clk 1:28:44]} 8. Nf3 {[%clk 1:15:06]} e6 {[%clk 1:27:37]} 9. Ne5
{[%clk 1:13:11]} Qb6 {[%clk 1:22:56]} 10. b3 {[%clk 1:11:55]} Rc8
{[%clk 1:21:21]} 11. O-O {[%clk 1:10:08]} Be7 {[%clk 1:19:20]} 12. Bg5
{[%clk 1:03:14]} Qc7 {[%clk 1:16:53]} 13. Qb5 {[%clk 0:59:37]} a6
{[%clk 1:11:06]} 14. Qe2 {[%clk 0:52:55]} O-O {[%clk 1:06:31]} 15. Rd1
{[%clk 0:48:39]} Nxe5 {[%clk 1:05:12]} 16. dxe5 {[%clk 0:48:26]} Ne4
{[%clk 1:05:01]} 17. Bxe7 {[%clk 0:48:35]} Qxe7 {[%clk 1:05:24]} 18. c4
{[%clk 0:48:52]} Qg5 {[%clk 1:04:25]} 19. f3 {[%clk 0:44:59]} Qxe5
{[%clk 1:01:35]} 20. Na3 {[%clk 0:44:33]} Qd6 {[%clk 1:01:29]} 21. fxe4
{[%clk 0:44:19]} Qxa3 {[%clk 1:00:52]} 22. exd5 {[%clk 0:44:33]} exd5
{[%clk 0:57:46]} 23. Rxd5 {[%clk 0:44:41]} Rfe8 {[%clk 0:56:44]} 24. Qf3
{[%clk 0:43:20]} Qb2 {[%clk 0:53:48]} 25. Rf1 {[%clk 0:42:04]} Re7
{[%clk 0:45:29]} 26. Qd3 {[%clk 0:36:18]} Rce8 {[%clk 0:32:41]} 27. Rd8
{[%clk 0:32:15]} Qe5 {[%clk 0:27:57]} 28. Rxe8+ {[%clk 0:28:25]} Rxe8
{[%clk 0:28:16]} 29. Qd7 {[%clk 0:28:39]} Qe3+ {[%clk 0:28:06]} 30. Kh1
{[%clk 0:28:49]} Qe7 {[%clk 0:26:47]} 31. Qxe7 {[%clk 0:28:28]} Rxe7
{[%clk 0:27:10]} 32. Kg1 {[%clk 0:28:23]} Re2 {[%clk 0:26:21]} 33. Ra1
{[%clk 0:28:46]} Rb2 {[%clk 0:26:29]} 34. Rd1 {[%clk 0:23:28]} g5
{[%clk 0:24:58]} 35. c5 {[%clk 0:23:36]} Rxa2 {[%clk 0:22:36]} 36. Rd7
{[%clk 0:17:26]} Ra5 {[%clk 0:22:25]} 37. b4 {[%clk 0:16:18]} Rb5
{[%clk 0:22:22]} 38. Rd8+ {[%clk 0:11:21]} Kg7 {[%clk 0:19:09]} 39. Rb8
{[%clk 0:10:51]} Rxb4 {[%clk 0:15:42]} 40. c6 {[%clk 0:10:20]} Rc4
{[%clk 0:15:57]} 41. cxb7 {[%clk 0:10:06]} Rb4 {[%clk 0:16:12]} 42. Kf2
{[%clk 0:10:08]} a5 {[%clk 0:15:44]} 43. g4 {[%clk 0:06:21]} a4 {[%clk 0:15:01]}
44. Ra8 {[%clk 0:06:07]} Rxb7 {[%clk 0:15:22]} 45. Rxa4 {[%clk 0:06:32]} Rb3
{[%clk 0:15:08]} 46. Kg2 {[%clk 0:05:43]} Kg6 {[%clk 0:13:50]} 47. Ra8
{[%clk 0:05:45]} h6 {[%clk 0:12:40]} 48. Ra6+ {[%clk 0:05:48]} f6
{[%clk 0:12:02]} 49. Rc6 {[%clk 0:05:25]} Rb4 {[%clk 0:11:30]} 50. Kg3
{[%clk 0:05:30]} Rf4 {[%clk 0:11:22]} 51. h3 {[%clk 0:03:35]} h5 {[%clk 0:10:00]}
52. Rc3 {[%clk 0:03:35]} h4+ {[%clk 0:05:36]} 53. Kg2 {[%clk 0:33:38]} Rd4
{[%clk 0:30:22]} 54. Rf3 Kf7 {[%clk 0:29:10]} 55. Re3 {[%clk 0:31:27]} f5
{[%clk 0:22:51]} 56. gxf5 {[%clk 0:27:25]} Kf6 {[%clk 0:19:57]} 57. Re8
{[%clk 0:25:17]} Rf4 {[%clk 0:14:55]} 58. Rf8+ {[%clk 0:22:15]} Ke7
{[%clk 0:14:30]} 59. Rg8 {[%clk 0:21:46]} Rxf5 {[%clk 0:14:37]} 60. Rg6
{[%clk 0:22:06]} Kf7 {[%clk 0:14:34]} 61. Ra6 {[%clk 0:21:41]} Rf6
{[%clk 0:12:48]} 62. Rxf6+ 1/2-1/2

[Event "MSR_ch20"]
[Site "?"]
[Date "2024.04.07"]
[Round "4.21"]
[White "Filo, David"]
[Black "Sulik, Adrian"]
[Result "1-0"]
[BlackElo "1000"]
[WhiteElo "1837"]
[LiveChessVersion "1.4.8"]

1. d4 {[%clk 1:30:53]} Nf6 {[%clk 1:30:13]} 2. c4 {[%clk 1:30:53]} d5
{[%clk 1:29:15]} 3. cxd5 {[%clk 1:30:40]} Bf5 {[%clk 1:27:13]} 4. Nc3
{[%clk 1:27:22]} Nxd5 {[%clk 1:26:41]} 5. Nf3 {[%clk 1:25:47]} e6
{[%clk 1:24:49]} 6. Qb3 {[%clk 1:20:39]} Bb4 {[%clk 1:18:56]} 7. Bd2
{[%clk 1:17:16]} Bxc3 {[%clk 1:13:09]} 8. bxc3 {[%clk 1:16:46]} b6
{[%clk 1:08:56]} 9. e3 {[%clk 1:12:06]} O-O {[%clk 1:07:46]} 10. Be2
{[%clk 1:07:46]} Qd6 {[%clk 1:02:29]} 11. c4 {[%clk 0:59:57]} Ne7
{[%clk 0:58:04]} 12. Bb4 {[%clk 0:50:50]} c5 {[%clk 0:55:08]} 13. Ba3
{[%clk 0:50:49]} Nd7 {[%clk 0:53:38]} 14. Rd1 {[%clk 0:46:31]} Qc7
{[%clk 0:52:13]} 15. O-O {[%clk 0:43:11]} Rad8 {[%clk 0:47:01]} 16. Rc1
{[%clk 0:23:27]} Be4 {[%clk 0:40:26]} 17. Rfd1 {[%clk 0:18:01]} Bb7
{[%clk 0:39:03]} 18. Qc2 {[%clk 0:14:17]} Nf6 {[%clk 0:37:34]} 19. dxc5
{[%clk 0:08:53]} bxc5 {[%clk 0:37:01]} 20. Rxd8 {[%clk 0:08:17]} Rxd8
{[%clk 0:37:18]} 21. Rd1 {[%clk 0:08:06]} Rxd1+ {[%clk 0:35:54]} 22. Qxd1
{[%clk 0:02:44]} Ng6 {[%clk 0:32:51]} 23. Bb2 Ng4 {[%clk 0:32:06]} 24. g3
{[%clk 0:02:10]} Bxf3 {[%clk 0:32:06]} 25. Bxf3 {[%clk 0:02:17]} N4e5
{[%clk 0:31:48]} 26. Be2 {[%clk 0:01:45]} h6 {[%clk 0:30:37]} 27. h4
{[%clk 0:01:42]} Qb6 28. Bc3 {[%clk 0:01:03]} Ne7 {[%clk 0:29:50]} 29. Bxe5 Nc6
30. Bc3 {[%clk 0:01:23]} Qa6 {[%clk 0:28:36]} 31. Qd2 {[%clk 0:01:09]} Qb6
{[%clk 0:28:36]} 32. Kg2 {[%clk 0:01:25]} a5 {[%clk 0:28:27]} 33. Bf3
{[%clk 0:01:42]} Ne7 {[%clk 0:28:25]} 34. Bxa5 {[%clk 0:01:49]} Qa7
{[%clk 0:28:04]} 35. Bc3 {[%clk 0:01:44]} Kh8 {[%clk 0:27:35]} 36. e4
{[%clk 0:01:29]} Qa4 {[%clk 0:27:55]} 37. Qxh6+ {[%clk 0:01:47]} 1-0